Logo Quiz with F - Statistics

General Stats
  • This quiz has been taken 14 times
  • The average score is 5 of 10
Answer Stats
Picture Answer % Correct
Facebook
92%
FedEx
92%
Ferrari
83%
Fiat
75%
FiNi
67%
Fisher-Price
50%
Fit Bit
33%
FFFF
25%
Flamengo
8%
Fruit of loom
8%
No matching quizzes found
Score Distribution
Percent of People with Each Score
Percentile by Number Answered
Your Score History
You have not taken this quiz